00382nam a2200181Ia 4500003000900000008004100009040001300050040001300063041000800076100002000084245003200104250001200136260001400148260000900162300001100171300001200182490000600194IT-RoPAU120407s9999 xx 000 0 und d aIT-RoPAU cIT-RoPAU aita aAngelo Zamarchi aFisica dell’atomo. 3a ed. aBrescia aLa Scuola c1950 a503 p. c24,5 cm v1